Bod zlomu reportáž: CA World 2007

Bibliographic Details
Main Author: Drobný, Martin (Author)
Format: Article
Language:Slovak
PhysicalDescription:Graf, fotogr.
ISSN:1335-4787
Subjects:

MARC

LEADER 00000nab a2200000 a 4500
001 vtls009140761
003 SK-MaSNL
005 20260304180051.0
008 250506c2007 xo |||||||||||000 b|slo
015 |a SNBRB2007/09  |2 snkbucl 
035 |a (uuid)0a443877-8374-4221-9b79-51388317f8b6 
035 |a urn:nbn:sk:snk-ab1f7y 
035 |a (urnnbn)urn:nbn:sk:snk:ar-0034uw 
038 |a SNKBUCL 
040 |a SNKBUCL  |b slo  |c SNKBUCL  |e AACR2 
041 0 |a slo 
044 |a xo  |c SK 
080 |a 004:061.5:061.3  |2 2001 
100 1 |a Drobný, Martin  |4 aut  |9 274739 
245 1 0 |a Bod zlomu  |b reportáž: CA World 2007  |c Martin Drobný 
300 |b Graf, fotogr. 
611 2 7 |a CA World  |d (2007 :  |c Las Vegas, Nev.)  |2 snkbucl  |9 1509192 
650 0 7 |a informačné technológie  |2 snkbucl  |9 1527 
773 0 |t Infoware  |g Č. 6 (2007), s. 14-15  |x 1335-4787 
850 |a Slovenská národná knižnica 
852 |a Slovenská národná knižnica 
954 |a odborná, vedecká literatúra pôvodná (slovenská)  |2 lita 
958 |a article2022 
958 |a OND 
958 |a EUIPO 
999 |c 3016365  |d 3018295